Poder y privilegio: teoría de la estratificación social

Guardat en:
Dades bibliogràfiques
Autor principal: Lenski, Gerhard E (Autor)
Format: Llibre
Idioma:espanyol
Publicat: Buenos Aires Paidós 1969
Col·lecció:Psicología Social y Sociología, 40
Matèries:
Etiquetes: Afegir etiqueta
Sense etiquetes, Sigues el primer a etiquetar aquest registre!

MARC

LEADER 00000nam a2200000 a 4500
001 UCT6061
003 CL-VaPUC
008 961230e19690000AG |||||||||||||||||spa|d
082 0 4 |a 305  |b LEN  |2 21 
100 |a Lenski, Gerhard E  |e author  |9 375803 
245 1 0 |a Poder y privilegio: teoría de la estratificación social 
300 |a 475 p 
942 |c BK 
945 |d 19961230 00:00:00  |a rleighto 
260 |a Buenos Aires  |b Paidós  |c 1969 
650 0 |a Estratificación social  |9 337692 
650 7 |a ESTRUCTURA SOCIAL  |2 CL-VaPUC  |9 375804 
650 7 |a HOMBRE  |2 CL-VaPUC  |9 262149 
650 0 |a Sociedad  |9 307903 
650 7 |a SOCIEDADES INDUSTRIALES  |2 CL-VaPUC  |9 334592 
650 0 |a Clases sociales  |9 256858 
650 0 |a Ciudadanía  |9 258339 
583 |a last modification  |c 19961230 00:00:00  |k Rodrigo Vera 
490 0 |a Psicología Social y Sociología, 40 
999 |c 254794  |d 254792 
952 |0 0  |1 0  |4 0  |6 305_000000000000000_LEN_1969  |7 0  |8 A  |9 276678  |a BIBENE  |b BIBENE  |d 2019-11-19  |i 3265226  |o 305 LEN 1969  |p 3265226  |r 2025-01-15  |w 2019-11-19  |y BK  |k ICO